Vida y obra de Emilia Pardo Bazán
Guardat en:
| Autor principal: | |
|---|---|
| Format: | Llibre |
| Idioma: | espanyol |
| Publicat: |
Madrid
Revista de Occidente
1962
|
| Matèries: | |
| Etiquetes: |
Afegir etiqueta
Sense etiquetes, Sigues el primer a etiquetar aquest registre!
|
MARC
| LEADER | 00000nam a2200000 a 4500 | ||
|---|---|---|---|
| 001 | UCZ4016 | ||
| 003 | CL-VaPUC | ||
| 005 | 20230307175602.0 | ||
| 008 | 951106e19620000SP |||||||||||||||||spa|d | ||
| 999 | |c 240455 |d 240453 | ||
| 040 | |c Pontificia Universidad Católica de Valparaíso | ||
| 082 | 0 | 4 | |a 863.09 |b BRA |2 21 |
| 100 | 0 | |a Bravo Villasante, Carmen |e author |9 347881 | |
| 245 | 1 | 0 | |a Vida y obra de Emilia Pardo Bazán |
| 260 | |a Madrid |b Revista de Occidente |c 1962 | ||
| 300 | |a 392 p | ||
| 583 | |a last modification |c 19951106 00:00:00 |k Rodrigo Vera | ||
| 600 | 0 | |a Pardo Bazán, Emilia |d 1851-1921 |9 880433 | |
| 650 | 7 | |a NOVELA ESPAÑOLA |2 CL-VaPUC |9 313139 | |
| 650 | 0 | |a Crítica e interpretación |9 255042 | |
| 650 | 0 | |a Biografías |9 255210 | |
| 942 | |c BK |2 ddc | ||
| 945 | |d 19951106 00:00:00 |a rbrito | ||
| 952 | |0 0 |1 0 |4 0 |6 863_090000000000000_BRA_1962 |7 0 |8 A |9 252332 |a BIBEDU |b BIBEDU |d 2019-11-18 |i 314464K |o 863.09 BRA 1962 |p 314464K |r 2019-11-18 |w 2019-11-18 |y BK |k LIT | ||